| 000 | 00589nam a22001817a 4500 | ||
|---|---|---|---|
| 003 | NUST | ||
| 005 | 20250617102945.0 | ||
| 008 | 170926b xxu||||| |||| 00| 0 eng d | ||
| 040 | _cNUST | ||
| 082 | _a200 | ||
| 100 |
_aKasi,Noreen _94993 |
||
| 245 |
_aSector-wise productivity and spillover effects of foreign direct investment in the selected SAARC countries/ _cNoreen Kasi, |
||
| 260 |
_aIslamabad _c2015 _bS3H |
||
| 300 | _a73p | ||
| 600 |
_aSupervisor: Dr. Zafar Mahmood _xMS- Economics _9129139 |
||
| 856 | _uhttp://10.250.8.41:8080/xmlui/handle/123456789/3509 | ||
| 942 |
_2ddc _cSC |
||
| 999 |
_c331372 _d331372 |
||